| 000 | 00612nam a2200205 a 4500 | ||
|---|---|---|---|
| 005 | 20210223125944.0 | ||
| 008 | 060606m19912001mx r 000 0 spa d | ||
| 020 | _a9686513019 | ||
| 035 | _aUPN01000145177 | ||
| 049 | _aCG | ||
| 050 | 4 |
_aRC490.5 E7.5 _bR6.7 |
|
| 100 | 1 | _aRobles Uribe, Teresa | |
| 245 | 1 | 0 |
_aTerapia cortada a la medida : _bun seminario ericksoniano con Jeffrey K, Zeig / _cTeresa Robles. |
| 260 |
_aMéxico : _bAlom, _c1991 (2001 impr.). |
||
| 300 | _a142 p. | ||
| 440 | 0 |
_aTécnicas ; _v2 |
|
| 600 | 1 | 4 |
_aERICKSON, MILTON HYLAND, _d1901-1980 _921694 |
| 650 | 4 | _aHIPNOSIS | |
| 905 | _aLibro | ||
| 999 |
_c117324 _d117324 |
||